Regions of France - Statistics

General Stats
  • This quiz has been taken 88 times
  • The average score is 15 of 22
Answer Stats
Hint Answer % Correct
I_-d_-F__ Ile-de-France
94%
N_-P_-d_-C__ Nord-Pas-de-Calais
88%
P_ d_ l_ L__ Pays de la Loire
84%
P__-A__-C__ d'A__ Provence-Alpes-Cote d'Azur
84%
A___ Alsace
81%
B___ Brittany
79%
L___ Lorraine
79%
R__-A___ Rhone-Alpes
75%
F__-C__ Franche-Comte
72%
A___ Aquitaine
70%
C___ Centre
70%
C___ Corsica
66%
A___ Auvergne
63%
C__-A__ Champagne-Ardenne
63%
P___ Picardy
63%
B___ Burgundy
60%
M_-P___ Midi-Pyrenees
60%
L__-R__ Languedoc-Roussillon
54%
L___ Limousin
54%
L__ N___ Lower Normandy
51%
U__ N___ Upper Normandy
49%
P__-C___ Poitou-Charentes
45%
No matching quizzes found
Score Distribution
Percent of People with Each Score
Percentile by Number Answered
Your Score History
You have not taken this quiz